Science Quiz

Random Science or Math Quiz

Science Race Quiz Stats

 Plays Quiz Updated Dec 9, 2014

Challenge
Share
Tweet
Embed
Score 0/40 Timer 03:00
8 Plays Today
Hint Answer % Correct
????
100%
????
91.1%
????
91%
????
90.7%
????
90.2%
????
89.3%
????
89.2%
????
88.3%
????
88.1%
????
86.8%
????
81.7%
????
81.5%
????
80.6%
????
75.1%
????
74.3%
????
68.9%
????
68.5%
????
67.5%
????
64.3%
????
63.1%
Hint Answer % Correct
????
61.9%
????
53.5%
????
52.9%
????
51%
????
49.9%
????
44.8%
????
43.7%
????
43.3%
????
41.2%
????
39.7%
????
38.4%
????
36.6%
????
30.6%
????
29.2%
????
28.3%
????
27.3%
????
25.8%
????
23.5%
????
19.9%
????
18.2%

You're not logged in!

Compare scores with friends on all Sporcle quizzes.
OR
Log In

You Might Also Like...

Show Comments

Extras

Top Quizzes Today


Score Distribution

Your Account Isn't Verified!

In order to create a playlist on Sporcle, you need to verify the email address you used during registration. Go to your Sporcle Settings to finish the process.

Report this User

Report this user for behavior that violates our Community Guidelines.

Details: